Road and airport pavement response monitoring systems : (Record no. 549989)
[ view plain ]
| 000 -LEADER | |
|---|---|
| fixed length control field | 01201pam a2200217 a 4500 |
| 020 ## - INTERNATIONAL STANDARD BOOK NUMBER | |
| International Standard Book Number | 0872628906 |
| 082 00 - DEWEY DECIMAL CLASSIFICATION NUMBER | |
| Classification number | 625.8 |
| Author Mark | ROA |
| 245 00 - TITLE STATEMENT | |
| Title | Road and airport pavement response monitoring systems : |
| Remainder of title | proceedings of the conference sponsored by the U.S. Army Cold Regions Research & Engineering Laboratory, Federal Aviation Administration, West Lebanon, New Hampshire, September 12-16, 1991 / |
| Statement of responsibility, etc. | edited by Vincent C. Janoo and Robert A. Eaton. |
| 260 ## - PUBLICATION, DISTRIBUTION, ETC. | |
| Place of publication, distribution, etc. | New York, N.Y. : |
| Name of publisher, distributor, etc. | American Society of Civil Engineers, |
| Date of publication, distribution, etc. | c1992. |
| 300 ## - PHYSICAL DESCRIPTION | |
| Extent | vi, 429 p. : |
| Other physical details | ill. ; |
| Dimensions | 22 cm. |
| 500 ## - GENERAL NOTE | |
| General note | "Approved for publication by the Technical Council on Cold Regions Engineering of the American Society of Civil Engineers." |
| 526 ## - STUDY PROGRAM INFORMATION NOTE | |
| Program name | 0 |
| Interest level | 0 |
| Reading level | 0 |
| Title point value | 625_800000000000000_ROA |
| 650 #0 - SUBJECT ADDED ENTRY--TOPICAL TERM | |
| Topical term or geographic name entry element | MCE |
| 9 (RLIN) | 379 |
| 650 #0 - SUBJECT ADDED ENTRY--TOPICAL TERM | |
| Topical term or geographic name entry element | Pavements |
| General subdivision | Evaluation |
| -- | Equipment and supplies |
| -- | Congresses. |
| 9 (RLIN) | 46735 |
| 650 #0 - SUBJECT ADDED ENTRY--TOPICAL TERM | |
| Topical term or geographic name entry element | Pavements |
| General subdivision | Testing |
| -- | Equipment and supplies |
| -- | Congresses. |
| 9 (RLIN) | 46736 |
| 650 #0 - SUBJECT ADDED ENTRY--TOPICAL TERM | |
| Topical term or geographic name entry element | Runways (Aeronautics) |
| General subdivision | Evaluation |
| -- | Equipment and supplies |
| -- | Congresses. |
| 9 (RLIN) | 46737 |
| 700 1# - ADDED ENTRY--PERSONAL NAME | |
| Personal name | Eaton, Robert A. |
| 9 (RLIN) | 46738 |
| 700 1# - ADDED ENTRY--PERSONAL NAME | |
| Personal name | Janoo, Vincent C. |
| 9 (RLIN) | 46739 |
| 710 2# - ADDED ENTRY--CORPORATE NAME | |
| Corporate name or jurisdiction name as entry element | Cold Regions Research and Engineering Laboratory (U.S.) |
| 9 (RLIN) | 21208 |
| 942 ## - ADDED ENTRY ELEMENTS (KOHA) | |
| Source of classification or shelving scheme | |
| Koha item type | Book |
| Withdrawn status | Lost status | Source of classification or shelving scheme | Damaged status | Not for loan | Permanent Location | Current Location | Date acquired | Total Checkouts | Full call number | Barcode | Date last seen | Price effective from | Koha item type |
|---|---|---|---|---|---|---|---|---|---|---|---|---|---|
| Military College of Engineering (MCE) | Military College of Engineering (MCE) | 10/17/2014 | 625.8 ROA | MCE-43474 | 10/17/2014 | 10/17/2014 | Book |
